Creating Innovative Products using Total Design: (Record no. 593269)

000 -LEADER
fixed length control field 00404nam a22001457a 4500
003 - CONTROL NUMBER IDENTIFIER
control field NUST
005 - DATE AND TIME OF LATEST TRANSACTION
control field 20230214125612.0
020 ## - INTERNATIONAL STANDARD BOOK NUMBER
International Standard Book Number 0201634856
082 ## - DEWEY DECIMAL CLASSIFICATION NUMBER
Classification number 745.2
Author Mark PRC
100 ## - MAIN ENTRY--PERSONAL NAME
Personal name Pugh, stuart
245 ## - TITLE STATEMENT
Title Creating Innovative Products using Total Design:
Remainder of title the living legacy /
Statement of responsibility, etc. Stuart Pugh
260 ## - PUBLICATION, DISTRIBUTION, ETC.
Place of publication, distribution, etc. USA:
Name of publisher, distributor, etc. Addison-Wesley,
Date of publication, distribution, etc. 1996.
300 ## - PHYSICAL DESCRIPTION
Extent xxvii, 544p. ;
Other physical details Hardcover,
Dimensions 24cm.
942 ## - ADDED ENTRY ELEMENTS (KOHA)
Source of classification or shelving scheme
Koha item type Book
Holdings
Withdrawn status Lost status Source of classification or shelving scheme Damaged status Not for loan Permanent Location Current Location Shelving location Date acquired Total Checkouts Full call number Barcode Date last seen Price effective from Koha item type
          School of Mechanical & Manufacturing Engineering (SMME) School of Mechanical & Manufacturing Engineering (SMME) General Stacks 02/14/2023   745.2 PRC SMME-3809 02/14/2023 02/14/2023 Book
© 2023 Central Library, National University of Sciences and Technology. All Rights Reserved.